|
|
|
|
| LEADER |
00000 a2200000 4500 |
| 003 |
CL-VaPUC |
| 005 |
20240104160602.0 |
| 008 |
231221t2023 ||||| |||| 00| 0 eng d |
| 999 |
|
|
|c 442585
|d 442583
|
| 020 |
|
|
|a 978-956-6195-32-0
|
| 040 |
|
|
|c Pontificia Universidad Católica de Valparaíso
|
| 082 |
|
|
|2 22
|a 179.8 BAU 2023
|
| 100 |
|
|
|a Bauman, Zygmunt
|9 452354
|e autor
|
| 245 |
|
|
|a Maldad líquida.
|
| 250 |
|
|
|a 1a. edición.
|
| 260 |
|
|
|a Santiago, Chile:
|b Paidós,
|c 2023.
|
| 300 |
|
|
|a 297 páginas.
|
| 583 |
|
|
|k GC
|c 20231221
|
| 650 |
|
0 |
|9 317198
|a Maldad
|x Convivencia social
|x Aspectos filosóficos
|
| 650 |
|
0 |
|9 311093
|a Bien y mal
|x Filosofía
|y Siglo 21
|
| 700 |
|
|
|9 886794
|a Donskis, Leonidas
|e autor
|
| 942 |
|
|
|2 ddc
|c BK
|
| 952 |
|
|
|0 0
|1 0
|2 ddc
|4 0
|6 179_800000000000000_BAU_2023
|7 0
|8 A
|9 592984
|a BIBGIM
|b BIBGIM
|c GEN
|d 2023-12-20
|e 189
|g 14925.00
|i 5659908
|l 2
|m 2
|o 179.8 BAU 2023
|p 5659908
|r 2025-03-14
|s 2025-03-14
|t 1
|v 14925.00
|w 2023-12-20
|y BK
|k SSL
|